Potenciální ekonomické a sociální účinky vyplývající z Lisabonské smlouvy pro členské státy EU souhrnná publikace z vědeckopopularizačního semináře realizovaného v rámci projektu Podpora šíření poznatků výzkumu evropské integrace (reg. č. CZ.1.07/2.3.00/09.0128)

Uložené v:
Podrobná bibliografia
Korporativný autor: Potenciální ekonomické a sociální účinky vyplývající z Lisabonské smlouvy pro členské státy EU. Vědeckopopularizační seminář
Ďalší autori: Wawrosz, Petr, Malý, Jiří
Médium: Kniha
Jazyk:Czech
Vydavateľské údaje: Praha Vzdělávací středisko na podporu demokracie 2010
Predmet:
Tagy: Pridať tag
Žiadne tagy, Buďte prvý, kto otaguje tento záznam!

MARC

LEADER 00000nam a2200000 4500
001 0121350
005 20240109072228.4
020 |a 978-80-904281-3-3 
041 0 |a cze 
044 |a CZ 
245 1 0 |a Potenciální ekonomické a sociální účinky vyplývající z Lisabonské smlouvy pro členské státy EU  |b souhrnná publikace z vědeckopopularizačního semináře realizovaného v rámci projektu Podpora šíření poznatků výzkumu evropské integrace (reg. č. CZ.1.07/2.3.00/09.0128)  |c zostavovateľ: Petr Wawrosz, Jiří Malý 
264 1 |a Praha  |b Vzdělávací středisko na podporu demokracie  |c 2010 
300 |a 168 s. 
610 2 0 |a spolupráca medzinárodná 
610 2 0 |a spolupráca vedecká 
610 2 0 |a zmluvy medzinárodné 
610 2 0 |a integrácia ekonomická medzinárodná 
610 2 0 |a výskum 
610 2 0 |a projekty 
610 2 0 |a dôsledky sociálne 
610 2 0 |a Európska únia 
610 2 0 |a Lisabonská zmluva 
700 1 |a Wawrosz, Petr 
700 1 |a Malý, Jiří 
110 2 |a Potenciální ekonomické a sociální účinky vyplývající z Lisabonské smlouvy pro členské státy EU. Vědeckopopularizační seminář